| 000 | 00812cam a22002654a 4500 | ||
|---|---|---|---|
| 001 | 12411717 | ||
| 003 | CEME | ||
| 005 | 20210628201514.0 | ||
| 008 | 010517s2002 maua 001 0 eng | ||
| 010 | _a 2001026619 | ||
| 020 | _a0072423404 | ||
| 040 |
_aDLC _cDLC _dDLC |
||
| 042 | _apcc | ||
| 050 | 0 | 0 |
_aQA76.73.J38 _bP67 2002 |
| 082 | 0 | 0 |
_a005.13/3 _221 |
| 100 | 1 |
_aPoplawski, David A. _955559 |
|
| 245 | 1 | 0 |
_aAn introduction to programming with Java _bAn introduction to programming with Java _cDavid A. Poplawski. |
| 250 | _a1st ed. | ||
| 260 |
_aBoston : _bMcGraw-Hill, _cc2002. |
||
| 300 |
_axxx, 540 p. : _bill. ; _c23 cm. |
||
| 500 | _aIncludes index. | ||
| 650 | 0 |
_aJava (Computer program language) _98017 |
|
| 650 | 0 |
_aObject-oriented programming (Computer science) _93212 |
|
| 942 |
_2ddc _cBK |
||
| 999 |
_c566384 _d566384 |
||